[Event "Unterfranken-ch M2 62th"]
[Site "Gerolzhofen"]
[Date "2011.04.30"]
[Round "9"]
[White "Hilgert, Richard"]
[Black "Pfannes, Andreas"]
[Result "1/2-1/2"]
[WhiteElo "1773"]
[BlackElo "1804"]
[PlyCount "35"]
[EventDate "2011.04.25"]
[EventType "swiss"]
[EventRounds "9"]
[EventCountry "GER"]
[SourceTitle "EXT 2015"]
[Source "ChessBase"]
[SourceDate "2014.11.20"]
[SourceVersion "1"]
[SourceVersionDate "2014.11.20"]
[SourceQuality "1"]

1. d4 Nf6 2. Nf3 d5 3. Bf4 e6 4. e3 Be7 5. h3 0-0 6. Nbd2 Nbd7 7. Bd3 Re8 8. g4 Nf8 9. Qe2 Ng6 10. 0-0-0 Bd6 11. Ne5 Nd7 12. Nxg6 hxg6 13. Bxd6 cxd6 14. Qf3 Qf6 15. Qg2 Nb6 16. g5 Qd8 17. h4 e5 18. h5 1/2-1/2

[Event "Unterfranken-ch M2 62th"]
[Site "Gerolzhofen"]
[Date "2011.04.29"]
[Round "8"]
[White "Schmitz, Wolfgang"]
[Black "Pfannes, Andreas"]
[Result "1-0"]
[WhiteElo "1843"]
[BlackElo "1804"]
[PlyCount "105"]
[EventDate "2011.04.25"]
[EventType "swiss"]
[EventRounds "9"]
[EventCountry "GER"]
[SourceTitle "EXT 2015"]
[Source "ChessBase"]
[SourceDate "2014.11.20"]
[SourceVersion "1"]
[SourceVersionDate "2014.11.20"]
[SourceQuality "1"]

1. e4 e6 2. d4 d5 3. Nc3 dxe4 4. Nxe4 Nd7 5. c4 Ngf6 6. Ng3 Bb4+ 7. Bd2 Bxd2+ 8. Qxd2 b6 9. Be2 Bb7 10. Bf3 Qc8 11. Qe2 0-0 12. Bxb7 Qxb7 13. Nf3 c5 14. 0-0 Rfd8 15. Rfd1 Nf8 16. dxc5 bxc5 17. Rd2 Ng6 18. Rad1 Qc7 19. h4 h6 20. h5 Nf8 21. Qe5 Rdc8 22. Qxc7 Rxc7 23. Ne5 Rb8 24. b3 g6 25. Ne2 Rbb7 26. Rd8 Kg7 27. Nc3 N6d7 28. Nxd7 Rxd7 29. Ne4 Rxd1+ 30. Rxd1 Rd7 31. Rxd7 Nxd7 32. a3 a5 33. Nd6 Kf6 34. Nb7 a4 35. bxa4 Nb6 36. a5 Nxc4 37. a6 Nb6 38. Nxc5 gxh5 39. a7 Ke7 40. a4 Kd6 41. a5 Na8 42. Na4 Kc7 43. Nb6 Kb7 44. Kh2 Kxa7 45. Nxa8 Kxa8 46. Kh3 e5 47. Kh4 f5 48. Kxh5 e4 49. g3 Ka7 50. Kxh6 Ka6 51. Kg5 e3 52. fxe3 Kxa5 53. Kxf5 1-0

[Event "Regionalliga NW 0607"]
[Site "Bayern"]
[Date "2007.04.22"]
[Round "9.7"]
[White "Pfannes, Andreas"]
[Black "Becker, Alexander1111"]
[Result "1/2-1/2"]
[WhiteElo "1832"]
[BlackElo "1946"]
[PlyCount "28"]
[EventDate "2006.10.15"]
[EventType "team-tourn"]
[EventRounds "9"]
[EventCountry "GER"]
[SourceTitle "EXT 2008"]
[Source "ChessBase"]
[SourceDate "2007.11.25"]
[SourceVersion "1"]
[SourceVersionDate "2007.11.25"]
[SourceQuality "1"]
[WhiteTeam "Kitzingen"]
[BlackTeam "Kronach"]
[WhiteTeamCountry "GER"]
[BlackTeamCountry "GER"]

1. d4 c5 2. c3 Nf6 3. Nf3 e6 4. Bf4 Nc6 5. e3 b6 6. Be2 Bb7 7. Nbd2 d6 8. h3 Be7 9. 0-0 0-0 10. a4 Re8 11. Nc4 cxd4 12. exd4 Bf8 13. Re1 Qc7 14. Bf1 Rad8 1/2-1/2

[Event "Unterfranken-ch M2 57th"]
[Site "Prichsenstadt"]
[Date "2006.04.21"]
[Round "7"]
[White "Nahler, Michael"]
[Black "Pfannes, Andreas"]
[Result "1/2-1/2"]
[WhiteElo "1784"]
[BlackElo "1839"]
[PlyCount "63"]
[EventDate "2006.04.17"]
[EventType "swiss"]
[EventRounds "9"]
[EventCountry "GER"]
[SourceTitle "EXT 2015"]
[Source "ChessBase"]
[SourceDate "2014.11.20"]
[SourceVersion "1"]
[SourceVersionDate "2014.11.20"]
[SourceQuality "1"]

1. e4 e5 2. Nf3 Nc6 3. Bb5 d6 4. d4 exd4 5. Nxd4 Bd7 6. 0-0 Nf6 7. Nc3 Be7 8. Bf4 Ne5 9. Bxd7+ Nfxd7 10. Nd5 Bf6 11. Nb5 0-0 12. Nbxc7 Rc8 13. Nb5 Nc5 14. Qe2 a6 15. Nbc3 Re8 16. Rad1 Re6 17. Nxf6+ Qxf6 18. Nd5 Qg6 19. f3 f5 20. Be3 fxe4 21. f4 Qg4 22. Qxg4 Nxg4 23. Rd2 Nf6 24. Rfd1 Nxd5 25. Rxd5 Rc6 26. f5 Rf6 27. Bg5 Rf7 28. g4 Rd7 29. Bf4 Na4 30. Rxd6 Rdxd6 31. Rxd6 Rxd6 32. Bxd6 1/2-1/2

[Event "Unterfranken-ch M2 57th"]
[Site "Prichsenstadt"]
[Date "2006.04.19"]
[Round "4"]
[White "Pfannes, Andreas"]
[Black "Lukas, Norbert"]
[Result "1/2-1/2"]
[WhiteElo "1839"]
[BlackElo "1973"]
[PlyCount "36"]
[EventDate "2006.04.17"]
[EventType "swiss"]
[EventRounds "9"]
[EventCountry "GER"]
[SourceTitle "EXT 2015"]
[Source "ChessBase"]
[SourceDate "2014.11.20"]
[SourceVersion "1"]
[SourceVersionDate "2014.11.20"]
[SourceQuality "1"]

1. d4 Nf6 2. Nf3 e6 3. Bf4 d5 4. e3 Bd6 5. Bg5 h6 6. Bh4 c5 7. c3 Nc6 8. Nbd2 Qb6 9. Qb3 Bd7 10. Bg3 Bxg3 11. hxg3 c4 12. Qc2 Qd8 13. Be2 b5 14. e4 a5 15. e5 Ng8 16. g4 Nge7 17. g5 Ng6 18. gxh6 Rxh6 1/2-1/2